[Event "Olympiad-40"]
[Site "Istanbul"]
[Date "2012.09.07"]
[Round "10.2"]
[White "Danielsen, Henrik"]
[Black "Serban, Vlad"]
[Result "1-0"]
[WhiteElo "2511"]
[BlackElo "2280"]
[PlyCount "71"]
[EventDate "2012.08.28"]
[EventType "team-swiss"]
[EventRounds "11"]
[EventCountry "TUR"]
[SourceTitle "CBM 151"]
[Source "ChessBase"]
[SourceDate "2012.11.13"]
[SourceVersion "1"]
[SourceVersionDate "2012.11.13"]
[SourceQuality "1"]
[WhiteTeam "Iceland"]
[BlackTeam "Luxembourg"]
[WhiteTeamCountry "ISL"]
[BlackTeamCountry "LUX"]

1. g3 Nf6 2. Bg2 d5 3. Nf3 g6 4. c4 Bg7 5. 0-0 0-0 6. cxd5 Nxd5 7. Nc3 Nb6 8. d3 Nc6 9. Be3 h6 10. Rc1 e5 11. a3 Nd4 12. Ne4 c6 13. Re1 Nd5 14. Bxd4 exd4 15. Qa4 Nb6 16. Qb4 a5 17. Qc5 Na4 18. Qc2 Nb6 19. Nc5 Qe7 20. e4 dxe3 21. Rxe3 Qd8 22. Rce1 Nd5 23. R3e2 Qb6 24. Ne5 Rd8 25. Qc4 Qc7 26. Qh4 Bf5 27. Qc4 h5 28. Nxb7 Qxb7 29. Nxc6 Be6 30. Rxe6 fxe6 31. Rxe6 Kh7 32. Bxd5 Qc8 33. Be4 Rf8 34. Rxg6 Kh8 35. Qd5 Qh3 36. Rxg7 1-0

[Event "Olympiad-40"]
[Site "Istanbul"]
[Date "2012.09.03"]
[Round "6.2"]
[White "Vazquez Reyes, Raul"]
[Black "Serban, Vlad"]
[Result "1-0"]
[WhiteElo "2251"]
[BlackElo "2280"]
[PlyCount "123"]
[EventDate "2012.08.28"]
[EventType "team-swiss"]
[EventRounds "11"]
[EventCountry "TUR"]
[SourceTitle "CBM 151"]
[Source "ChessBase"]
[SourceDate "2012.11.13"]
[SourceVersion "1"]
[SourceVersionDate "2012.11.13"]
[SourceQuality "1"]
[WhiteTeam "Puerto Rico"]
[BlackTeam "Luxembourg"]
[WhiteTeamCountry "PUR"]
[BlackTeamCountry "LUX"]

1. e4 c5 2. Nf3 e6 3. d4 cxd4 4. Nxd4 a6 5. Nc3 Qc7 6. g3 Nf6 7. Bg2 Be7 8. 0-0 0-0 9. f4 d6 10. a4 Nc6 11. Be3 Nxd4 12. Bxd4 e5 13. Be3 b6 14. f5 Bb7 15. Kh1 Qc4 16. Qd3 Rac8 17. Bxb6 Qb4 18. Bg1 Rc7 19. Ra3 Ba8 20. Rb3 Qc4 21. h3 Nd7 22. Rd1 Rfc8 23. Bf1 Qxd3 24. Bxd3 Nf6 25. Kh2 d5 26. exd5 Nxd5 27. Bxa6 Nxc3 28. bxc3 Rxc3 29. Bxc8 Rxc2+ 30. Bf2 Rxf2+ 31. Kg1 Rc2 32. Bb7 Bxb7 33. Rxb7 Bc5+ 34. Kh1 h5 35. Rd8+ Kh7 36. Rxf7 e4 37. Rdd7 Rc1+ 38. Kg2 Rc2+ 39. Kh1 Rc1+ 40. Kg2 Rc2+ 41. Kf1 e3 42. Rxg7+ Kh8 43. Rge7 Rf2+ 44. Ke1 Bxe7 45. Rxe7 Rxf5 46. Rxe3 Kg7 47. Ra3 Ra5 48. Kd2 Kf6 49. Kc3 Ke6 50. Kb4 Ra8 51. a5 Kd6 52. a6 Kc7 53. a7 Kb6 54. Ra2 Kc6 55. Ra6+ Kd5 56. Kb5 Ke4 57. Kb6 Kf3 58. Ra3+ Kg2 59. h4 Rg8 60. a8Q+ Rxa8 61. Rxa8 Kxg3 62. Ra4 1-0

[Event "Olympiad-40"]
[Site "Istanbul"]
[Date "2012.08.30"]
[Round "3.1"]
[White "Serban, Vlad"]
[Black "Papaioannou, Ioannis"]
[Result "0-1"]
[WhiteElo "2280"]
[BlackElo "2606"]
[PlyCount "64"]
[EventDate "2012.08.28"]
[EventType "team-swiss"]
[EventRounds "11"]
[EventCountry "TUR"]
[SourceTitle "CBM 151"]
[Source "ChessBase"]
[SourceDate "2012.11.13"]
[SourceVersion "1"]
[SourceVersionDate "2012.11.13"]
[SourceQuality "1"]
[WhiteTeam "Luxembourg"]
[BlackTeam "Greece"]
[WhiteTeamCountry "LUX"]
[BlackTeamCountry "GRE"]

1. e4 c5 2. Nf3 d6 3. d4 cxd4 4. Nxd4 Nf6 5. Nc3 a6 6. Bg5 Nbd7 7. Bc4 Qb6 8. Bb3 e6 9. 0-0 Be7 10. Kh1 Nc5 11. Qe2 h6 12. Be3 Qc7 13. f4 0-0 14. Bf2 b5 15. Bh4 Bb7 16. e5 dxe5 17. fxe5 Nh7 18. Bg3 Rad8 19. Rad1 Ng5 20. Qg4 b4 21. Nce2 Nxb3 22. axb3 Ne4 23. Bf4 Bg5 24. Rd3 Bxf4 25. Qxf4 g5 26. Qg4 Qxe5 27. Qh5 Qg7 28. c3 Qg6 29. Qxg6+ fxg6 30. Rdf3 Rxf3 31. Rxf3 e5 32. Ne6 Re8 0-1

[Event "Pardubice Czech op-A 23rd"]
[Site "Pardubice"]
[Date "2012.07.23"]
[Round "4"]
[White "Sadikhov, Ulvi Ramil Oglu"]
[Black "Serban, Vlad"]
[Result "1-0"]
[WhiteElo "2160"]
[BlackElo "2280"]
[PlyCount "73"]
[EventDate "2012.07.12"]
[EventType "swiss"]
[EventRounds "9"]
[EventCountry "CZE"]
[SourceTitle "CBM 149 Extra"]
[Source "ChessBase"]
[SourceDate "2012.08.24"]
[SourceVersion "1"]
[SourceVersionDate "2012.08.24"]
[SourceQuality "1"]

1. e4 c5 2. Nf3 e6 3. d4 cxd4 4. Nxd4 Nf6 5. Nc3 d6 6. Be2 Be7 7. 0-0 0-0 8. f4 Nc6 9. Kh1 a6 10. a4 Qc7 11. Bf3 Re8 12. Be3 Rb8 13. Qd2 Bd7 14. Nb3 b6 15. g4 Bc8 16. g5 Nd7 17. Bg2 Bf8 18. Rf3 Bb7 19. Qf2 g6 20. Rh3 Bg7 21. Rf1 f5 22. gxf6 Bxf6 23. Qg3 Bg7 24. Qh4 Nf8 25. Rg3 Ne7 26. Bd4 Qc4 27. Bxg7 Kxg7 28. Rd1 Qc7 29. Nd4 Nc6 30. Nf3 Qd8 31. Qg4 Qe7 32. Nh4 Nb4 33. f5 Qf6 34. Rf1 exf5 35. Nxf5+ Kh8 36. Nh6 Qe6 37. Rxf8+ 1-0

[Event "EU-ch 12th"]
[Site "Aix les Bains"]
[Date "2011.03.22"]
[Round "1"]
[White "Serban, Vlad"]
[Black "Vuckovic, Bojan"]
[Result "0-1"]
[WhiteElo "2287"]
[BlackElo "2626"]
[PlyCount "108"]
[EventDate "2011.03.22"]
[EventType "swiss"]
[EventRounds "11"]
[EventCountry "FRA"]
[SourceTitle "CBM 142 Extra"]
[Source "ChessBase"]
[SourceDate "2011.06.27"]
[SourceVersion "1"]
[SourceVersionDate "2011.06.27"]
[SourceQuality "1"]

1. e4 c5 2. Nf3 Nc6 3. d4 cxd4 4. Nxd4 Qb6 5. Nb3 Nf6 6. Nc3 e6 7. Bd3 Be7 8. 0-0 d6 9. Kh1 a6 10. f4 0-0 11. Qf3 Qc7 12. Qh3 Nb4 13. Bd2 Nxd3 14. cxd3 b6 15. Rac1 Qd8 16. Nd4 Bb7 17. Nd1 Rc8 18. Rxc8 Qxc8 19. Ne3 Qd7 20. Bc3 Rc8 21. Nf3 d5 22. e5 d4 23. Nxd4 Nd5 24. Nxd5 Bxd5 25. f5 Bc5 26. Qg4 Bxa2 27. f6 g6 28. Qg5 Bd5 29. Rf4 Qa4 30. Rf1 Kh8 31. Ne2 Qc2 32. Nf4 Be3 33. h4 Bxf4 34. Rxf4 Qxd3 35. Kh2 Qe2 36. Rg4 a5 37. Rg3 Qh5 38. Qxh5 gxh5 39. Rg7 Rc7 40. Kg3 Be4 41. Kf4 Bg6 42. Bd4 Rc2 43. g4 hxg4 44. Kg5 Rh2 45. Bxb6 g3 46. Kg4 Rxb2 47. h5 Rxb6 48. hxg6 g2 49. Rxh7+ Kg8 50. Rg7+ Kf8 51. Rxf7+ Ke8 52. Re7+ Kd8 53. g7 g1Q+ 54. Kh5 Rb2 0-1

[Event "SUI-chT"]
[Site "Switzerland"]
[Date "2011.03.20"]
[Round "2.8"]
[White "Serban, Vlad"]
[Black "Huss, Andreas"]
[Result "0-1"]
[WhiteElo "2252"]
[BlackElo "2309"]
[PlyCount "152"]
[EventDate "2011.02.27"]
[EventType "team-tourn"]
[EventRounds "9"]
[EventCountry "SUI"]
[SourceTitle "CBM 141 Extra"]
[Source "ChessBase"]
[SourceDate "2011.05.03"]
[SourceVersion "1"]
[SourceVersionDate "2011.05.03"]
[SourceQuality "1"]
[WhiteTeam "Le Joueur"]
[BlackTeam "Winterthur"]
[WhiteTeamCountry "SUI"]
[BlackTeamCountry "SUI"]

1. e4 e6 2. d4 d5 3. Nd2 c5 4. Ngf3 Nc6 5. exd5 exd5 6. Bb5 Bd6 7. dxc5 Bxc5 8. 0-0 Nge7 9. Nb3 Bd6 10. Re1 0-0 11. Bg5 a6 12. Bxc6 bxc6 13. Nfd4 Bd7 14. Na5 Qxa5 15. Bxe7 Bxe7 16. Rxe7 Qd8 17. Re3 Qb6 18. Rb3 Qa7 19. Rc3 Rfc8 20. Nb3 Rab8 21. Rb1 Rb4 22. a3 Rc4 23. Rxc4 dxc4 24. Na5 Be6 25. Nxc6 Qc5 26. Nb4 a5 27. Na2 Qb6 28. Qe1 h6 29. Nc3 Rd8 30. Nd1 Qd4 31. Ne3 Qe5 32. Qc3 Qxc3 33. bxc3 f5 34. Rb6 Kf7 35. g3 g5 36. Rb7+ Kf6 37. Rb6 Kf7 38. Rc6 f4 39. gxf4 gxf4 40. Rc7+ Kf6 41. Nxc4 Rd1+ 42. Kg2 Bd5+ 43. f3 Rc1 44. Nd6 Rxc2+ 45. Kg1 Bxf3 46. Rc5 Ke6 47. Nf5 Be4 48. Nd4+ Kd6 49. Rxa5 Rg2+ 50. Kf1 Rxh2 51. Nf5+ Ke6 52. Ng7+ Kf7 53. Nf5 Kf6 54. Nd4 f3 55. Ra6+ Kg5 56. Ne6+ Kg4 57. Nc5 Bf5 58. Ra7 Kf4 59. Rf7 Kg5 60. Rg7+ Kf6 61. Rg3 Bh3+ 62. Kg1 f2+ 63. Kxh2 f1Q 64. Rxh3 Qf2+ 65. Kh1 Qf1+ 66. Kh2 Qf2+ 67. Kh1 Qxc5 68. Rxh6+ Kg5 69. Rh2 Kg4 70. Kg2 Qxc3 71. Kf1 Qc1+ 72. Kf2 Qd2+ 73. Kg1 Qe1+ 74. Kg2 Qg3+ 75. Kh1 Qf3+ 76. Kg1 Kg3 0-1

[Event "EU-chT (Men) 17th"]
[Site "Novi Sad"]
[Date "2009.10.27"]
[Round "6"]
[White "Bogut, Zeljko"]
[Black "Serban, Vlad"]
[Result "1-0"]
[WhiteElo "2442"]
[BlackElo "2206"]
[PlyCount "49"]
[EventDate "2009.10.22"]
[EventType "team-swiss"]
[EventRounds "9"]
[EventCountry "YUG"]
[SourceTitle "CBM 133"]
[Source "ChessBase"]
[SourceDate "2009.11.19"]
[SourceVersion "1"]
[SourceVersionDate "2009.11.19"]
[SourceQuality "1"]
[WhiteTeam "Bosnia&Herzegovina"]
[BlackTeam "Luxembourg"]
[WhiteTeamCountry "BIH"]
[BlackTeamCountry "LUX"]

1. e4 c5 2. Nf3 e6 3. d4 cxd4 4. Nxd4 Nf6 5. Nc3 d6 6. Be2 Be7 7. 0-0 0-0 8. f4 a6 9. Kh1 Nc6 10. Be3 Bd7 11. Qe1 b5 12. a3 Qb8 13. Bf3 Nxd4 14. Bxd4 e5 15. Be3 Bc6 16. Rd1 a5 17. fxe5 dxe5 18. Nd5 Bxd5 19. exd5 e4 20. Bxe4 Qe5 21. Bd3 Bd6 22. Qh4 h6 23. Bf4 Qe7 24. Bxh6 gxh6 25. Rxf6 1-0

[Event "EU-chT (Men) 17th"]
[Site "Novi Sad"]
[Date "2009.10.25"]
[Round "4"]
[White "Serban, Vlad"]
[Black "Polaczek, Richard"]
[Result "1/2-1/2"]
[WhiteElo "2206"]
[BlackElo "2381"]
[PlyCount "73"]
[EventDate "2009.10.22"]
[EventType "team-swiss"]
[EventRounds "9"]
[EventCountry "YUG"]
[SourceTitle "CBM 133"]
[Source "ChessBase"]
[SourceDate "2009.11.19"]
[SourceVersion "1"]
[SourceVersionDate "2009.11.19"]
[SourceQuality "1"]
[WhiteTeam "Luxembourg"]
[BlackTeam "Belgium"]
[WhiteTeamCountry "LUX"]
[BlackTeamCountry "BEL"]

1. e4 e6 2. d4 d5 3. Nd2 a6 4. Ngf3 c5 5. exd5 exd5 6. Be2 c4 7. 0-0 Bd6 8. b3 cxb3 9. axb3 Ne7 10. Re1 0-0 11. Nf1 Nbc6 12. Ba3 Bxa3 13. Rxa3 Qd6 14. Ra1 Rd8 15. Ng3 Ng6 16. Bd3 Bg4 17. c3 Qf6 18. Bxg6 hxg6 19. Re3 a5 20. h3 Bxf3 21. Rxf3 Qd6 22. Qd3 Re8 23. Qb5 b6 24. Nf1 Re6 25. Ne3 Ne7 26. Rd1 Qc6 27. Qxc6 Rxc6 28. c4 Rd8 29. Kf1 Rcd6 30. Nc2 R6d7 31. Rc3 Rc8 32. Na3 dxc4 33. bxc4 Nf5 34. Nb5 Nd6 35. Nxd6 Rxd6 36. Ke2 Re8+ 37. Kf1 1/2-1/2

[Event "SUI-chT"]
[Site "Switzerland"]
[Date "2009.05.10"]
[Round "4.8"]
[White "Monteforte, Klaus"]
[Black "Serban, Vlad"]
[Result "0-1"]
[WhiteElo "2075"]
[BlackElo "2228"]
[PlyCount "76"]
[EventDate "2009.02.22"]
[EventType "team-tourn"]
[EventRounds "9"]
[EventCountry "SUI"]
[SourceTitle "EXT 2011"]
[Source "ChessBase"]
[SourceDate "2010.11.26"]
[SourceVersion "1"]
[SourceVersionDate "2010.11.26"]
[SourceQuality "1"]
[WhiteTeam "Bodan"]
[BlackTeam "Joueur"]
[WhiteTeamCountry "SUI"]
[BlackTeamCountry "SUI"]

1. d4 Nf6 2. Bg5 Ne4 3. Bh4 c5 4. f3 g5 5. fxe4 gxh4 6. e3 Qb6 7. b3 Bh6 8. Qd3 Nc6 9. c3 cxd4 10. exd4 e5 11. d5 Ne7 12. Nf3 Ng6 13. g3 Be3 14. Qe2 d6 15. Na3 Bh6 16. Qb5+ Qxb5 17. Nxb5 Ke7 18. c4 a6 19. Nc3 f5 20. Bd3 Rf8 21. Ke2 f4 22. gxh4 Bg4 23. Rhg1 Bh5 24. Kf2 Bxf3 25. Kxf3 Nxh4+ 26. Kg4 Ng6 27. Kh5 Bg7 28. Rg5 f3 29. Bf1 Bf6 30. Rg3 Rg8 31. Kg4 Raf8 32. h4 Bxh4 33. Rxf3 Nh8+ 34. Kxh4 Rxf3 35. Ne2 Rf2 36. Kh3 Rf6 37. Kh2 Rf2+ 38. Kh3 Nf7 0-1

[Event "SUI-chT"]
[Site "Switzerland"]
[Date "2008.06.22"]
[Round "5.7"]
[White "Serban, Vlad"]
[Black "Umbach, Andreas"]
[Result "1-0"]
[WhiteElo "2178"]
[BlackElo "2291"]
[PlyCount "79"]
[EventDate "2008.03.02"]
[EventType "team-tourn"]
[EventRounds "9"]
[EventCountry "SUI"]
[SourceTitle "EXT 2009"]
[Source "ChessBase"]
[SourceDate "2008.11.26"]
[SourceVersion "1"]
[SourceVersionDate "2008.11.26"]
[SourceQuality "1"]
[WhiteTeam "Lausanne"]
[BlackTeam "Wollishofen"]
[WhiteTeamCountry "SUI"]
[BlackTeamCountry "SUI"]

1. e4 c5 2. Nf3 d6 3. d4 cxd4 4. Nxd4 Nf6 5. Nc3 g6 6. Be3 Bg7 7. h3 0-0 8. Bc4 Nc6 9. 0-0 Bd7 10. Re1 a6 11. Nd5 Rc8 12. Bb3 Na5 13. Bg5 e6 14. Nxf6+ Bxf6 15. Bxf6 Qxf6 16. Qd2 Nc4 17. Bxc4 Rxc4 18. Rad1 e5 19. Nb3 Be6 20. c3 Rd8 21. Na5 Rc7 22. Qe3 Rdd7 23. Rd2 Rc5 24. Nb3 Bxb3 25. axb3 Rb5 26. c4 Rb4 27. Qc3 a5 28. Rd5 b6 29. Re3 Rc7 30. Qd2 Rc6 31. Rf3 Qe7 32. Rfd3 Kg7 33. g3 h6 34. h4 Qb7 35. Qc3 Qe7 36. f4 b5 37. fxe5 dxe5 38. Rxe5 Qf6 39. Rf3 Rxb3 40. Rxf6 1-0

[Event "Lausanne op"]
[Site "Lausanne"]
[Date "2007.09.16"]
[Round "4"]
[White "Serban, Vlad"]
[Black "Foisor, Mihaela Veronica"]
[Result "1/2-1/2"]
[WhiteElo "2176"]
[BlackElo "1982"]
[PlyCount "114"]
[EventDate "2007.09.14"]
[EventType "swiss"]
[EventRounds "7"]
[EventCountry "SUI"]
[SourceTitle "CBM 120 Extra"]
[Source "ChessBase"]
[SourceDate "2007.11.01"]
[SourceVersion "1"]
[SourceVersionDate "2007.11.01"]
[SourceQuality "1"]

1. e4 e6 2. d4 d5 3. Nd2 Nf6 4. e5 Nfd7 5. c3 c5 6. Bd3 Nc6 7. Ne2 cxd4 8. cxd4 f6 9. exf6 Qxf6 10. Nf3 h6 11. 0-0 Bd6 12. Ng3 0-0 13. Bc2 Rd8 14. Re1 Nf8 15. a3 Bd7 16. Ne5 Rac8 17. Bb1 Be8 18. Nxc6 bxc6 19. b4 c5 20. bxc5 Bxc5 21. Be3 Bd6 22. Ra2 Bg6 23. Bxg6 Nxg6 24. Qg4 Kh7 25. a4 Rc7 26. Bd2 Re8 27. Nh5 Qh4 28. Qxh4 Nxh4 29. Nf4 Bxf4 30. Bxf4 Rc4 31. Be5 Nf5 32. Rd1 Rec8 33. Kf1 h5 34. a5 a6 35. Rdd2 Rb4 36. Rab2 Rcc4 37. Rxb4 Rxb4 38. h3 Ra4 39. g4 hxg4 40. hxg4 Nh4 41. Ke2 Rxa5 42. Rc2 Ng6 43. f4 Nxe5 44. dxe5 Ra4 45. Kf3 Rc4 46. Ra2 Rc3+ 47. Kf2 Rc6 48. f5 Kh6 49. Ke3 Kg5 50. fxe6 Rxe6 51. Kd4 Kxg4 52. Kxd5 Re8 53. e6 g5 54. Kd6 Kh3 55. e7 g4 56. Rxa6 g3 57. Kd7 Rxe7+ 1/2-1/2

[Event "Lausanne op"]
[Site "Lausanne"]
[Date "2007.09.15"]
[Round "3"]
[White "Gheorghiu, Florin"]
[Black "Serban, Vlad"]
[Result "1-0"]
[WhiteElo "2357"]
[BlackElo "2176"]
[PlyCount "55"]
[EventDate "2007.09.14"]
[EventType "swiss"]
[EventRounds "7"]
[EventCountry "SUI"]
[SourceTitle "CBM 120 Extra"]
[Source "ChessBase"]
[SourceDate "2007.11.01"]
[SourceVersion "1"]
[SourceVersionDate "2007.11.01"]
[SourceQuality "1"]

1. d4 Nf6 2. Nf3 g6 3. c4 Bg7 4. Nc3 d5 5. Bg5 Ne4 6. Bh4 c6 7. e3 Nxc3 8. bxc3 0-0 9. Qb3 Re8 10. Be2 Qa5 11. 0-0 Nd7 12. cxd5 cxd5 13. c4 e6 14. cxd5 Qxd5 15. Qxd5 exd5 16. Rfc1 Nf8 17. Rab1 b6 18. Bb5 Bd7 19. Bxd7 Nxd7 20. Rb5 Rec8 21. Rxc8+ Rxc8 22. g4 Rc1+ 23. Kg2 Rc2 24. Rxd5 Nf8 25. a3 f6 26. Rd8 Ra2 27. g5 f5 28. Bg3 1-0

[Event "LUX-ch AB"]
[Site "Differdingen"]
[Date "2007.04.08"]
[Round "2.4"]
[White "Serban, Vlad"]
[Black "Risch, Michel"]
[Result "1/2-1/2"]
[WhiteElo "2169"]
[BlackElo "1970"]
[PlyCount "93"]
[EventDate "2007.04.07"]
[EventType "swiss"]
[EventRounds "9"]
[EventCountry "LUX"]
[SourceTitle "EXT 2008"]
[Source "ChessBase"]
[SourceDate "2007.11.25"]
[SourceVersion "1"]
[SourceVersionDate "2007.11.25"]
[SourceQuality "1"]

1. e4 d5 2. exd5 Qxd5 3. Nc3 Qa5 4. d4 c6 5. Nf3 Bf5 6. Bd2 Nf6 7. Ne4 Qb6 8. Nxf6+ gxf6 9. b4 e5 10. c3 Nd7 11. Be3 Qc7 12. Bd3 Bg4 13. h3 Bh5 14. Bf5 exd4 15. Bxd4 Ne5 16. g4 Bg6 17. Qe2 Bd6 18. Nh4 0-0 19. f4 Nd7 20. 0-0 Bxf5 21. Nxf5 Bxf4 22. Rxf4 Qxf4 23. Rf1 Rae8 24. Be3 Qe4 25. Qf2 Kh8 26. Bh6 Rg8 27. Nd6 Qe6 28. Nxe8 Rxe8 29. Qd4 Qe5 30. Qxe5 Rxe5 31. c4 Re8 32. c5 Kg8 33. Rd1 Ne5 34. Rd6 Nc4 35. Rd7 Rb8 36. Kg2 a5 37. Rd4 b5 38. bxa5 Nxa5 39. Rd6 Rc8 40. Kg3 Nb7 41. Rd7 Nxc5 42. Ra7 Ne6 43. Rb7 Ng5 44. h4 Ne6 45. Kf3 Ra8 46. Rb6 Rc8 47. Ke4 1/2-1/2

[Event "EU-ch U18"]
[Site "Herceg Novi"]
[Date "2006.09.14"]
[Round "5"]
[White "Serban, Vlad"]
[Black "Demeanciuc, Stanislav"]
[Result "1-0"]
[WhiteElo "2127"]
[BlackElo "2011"]
[PlyCount "43"]
[EventDate "2006.09.10"]
[EventType "swiss"]
[EventRounds "9"]
[EventCountry "MNE"]
[SourceTitle "CBM 114 Extra"]
[Source "ChessBase"]
[SourceDate "2006.11.03"]
[SourceVersion "1"]
[SourceVersionDate "2006.11.03"]
[SourceQuality "1"]

1. e4 c5 2. Nc3 Nc6 3. f4 g6 4. Nf3 Bg7 5. Bb5 e6 6. Bxc6 bxc6 7. d3 d5 8. 0-0 Ne7 9. Qe1 Ba6 10. f5 dxe4 11. f6 Bxf6 12. Nxe4 Bg7 13. Bg5 h6 14. Bf6 0-0 15. Bxg7 Kxg7 16. Qc3+ f6 17. Nxc5 Bc8 18. Nd4 Qd5 19. Ndxe6+ Bxe6 20. Rae1 Bf5 21. Rxe7+ Kh8 22. Ne4 1-0

[Event "EU-ch U18"]
[Site "Herceg Novi"]
[Date "2006.09.13"]
[Round "4"]
[White "Paichadze, Luka"]
[Black "Serban, Vlad"]
[Result "1-0"]
[WhiteElo "2358"]
[BlackElo "2127"]
[PlyCount "45"]
[EventDate "2006.09.10"]
[EventType "swiss"]
[EventRounds "9"]
[EventCountry "MNE"]
[SourceTitle "CBM 114 Extra"]
[Source "ChessBase"]
[SourceDate "2006.11.03"]
[SourceVersion "1"]
[SourceVersionDate "2006.11.03"]
[SourceQuality "1"]

1. e4 c5 2. b3 Nc6 3. Bb2 d6 4. Bb5 Bd7 5. f4 a6 6. Bxc6 Bxc6 7. d3 Nf6 8. Nf3 e6 9. 0-0 Be7 10. Nbd2 Qc7 11. Qe1 0-0 12. Nc4 Ne8 13. a4 f6 14. b4 Rd8 15. b5 axb5 16. axb5 Bxb5 17. Bc3 Bxc4 18. Ba5 Qc6 19. Bxd8 Bxd8 20. dxc4 Nc7 21. Qe3 Re8 22. Rfb1 d5 23. Qa3 1-0

[Event "Pardubice op-A"]
[Site "Pardubice"]
[Date "2006.07.28"]
[Round "8"]
[White "Baryshpolets, Andrey"]
[Black "Serban, Vlad"]
[Result "0-1"]
[WhiteElo "2251"]
[BlackElo "2127"]
[PlyCount "94"]
[EventDate "2006.07.21"]
[EventType "swiss"]
[EventRounds "9"]
[EventCountry "CZE"]
[SourceTitle "CBM 113 Extra"]
[Source "ChessBase"]
[SourceDate "2006.09.14"]
[SourceVersion "1"]
[SourceVersionDate "2006.09.14"]
[SourceQuality "1"]

1. Nf3 Nf6 2. c4 g6 3. d4 Bg7 4. g3 d5 5. cxd5 Nxd5 6. Bg2 Nb6 7. Nc3 Nc6 8. d5 Bxc3+ 9. bxc3 Qxd5 10. 0-0 Qxd1 11. Rxd1 f6 12. Nd4 Bd7 13. Nxc6 Bxc6 14. Bxc6+ bxc6 15. Ba3 Kf7 16. f3 Rhd8 17. Kf2 a5 18. Ke1 Nc4 19. Bc5 Rd5 20. Bg1 Rb8 21. Rab1 Rxb1 22. Rxb1 Rd2 23. Rb7 Ke6 24. Bc5 Kd7 25. a3 Rd5 26. Bd4 Kc8 27. Rb3 Rb5 28. Rxb5 cxb5 29. Bc5 Kd7 30. e4 Nd6 31. Ke2 Kc6 32. Be3 Nc4 33. Bc1 Kc5 34. f4 c6 35. Kd3 e6 36. g4 f5 37. g5 a4 38. h3 Na5 39. Be3+ Kd6 40. Kd4 c5+ 41. Kd3 c4+ 42. Kc2 fxe4 43. Bd4 Kd5 44. h4 Nb3 45. Bf6 Na5 46. Bd4 b4 47. Kd1 bxa3 0-1

[Event "Vandoeuvre op"]
[Site "Vandoeuvre"]
[Date "2004.??.??"]
[Round "2"]
[White "Serban, Vlad"]
[Black "Vuillemard, Jean Marc"]
[Result "1-0"]
[WhiteElo "2068"]
[BlackElo "1820"]
[PlyCount "75"]
[EventDate "2004.12.26"]
[EventType "swiss"]
[EventRounds "9"]
[EventCountry "FRA"]
[SourceTitle "CBM 104 Extra"]
[Source "ChessBase"]
[SourceDate "2005.03.01"]
[SourceVersion "1"]
[SourceVersionDate "2005.03.01"]
[SourceQuality "1"]

1. e4 e5 2. Nf3 Nc6 3. Bc4 Bc5 4. c3 Nf6 5. d4 exd4 6. 0-0 0-0 7. cxd4 Bb6 8. d5 Na5 9. Bd3 c5 10. b3 Bc7 11. a3 b6 12. b4 Nb7 13. d6 Bb8 14. e5 cxb4 15. axb4 Bxd6 16. exd6 Nxd6 17. Bxh7+ Nxh7 18. Qxd6 Bb7 19. Ne5 f6 20. Ng6 Re8 21. Nc3 Re6 22. Qd4 Qe8 23. Nf4 Re5 24. Nfd5 Qf7 25. Rd1 Rae8 26. Bf4 R5e6 27. Nc7 Re4 28. Nxe4 Rxe4 29. Qd6 Qg6 30. Nd5 Bxd5 31. Qxd5+ Kh8 32. Rxa7 Ng5 33. Ra8+ Kh7 34. Qg8+ Kh6 35. Qh8+ Qh7 36. Bxg5+ fxg5 37. Rd6+ g6 38. Qa1 1-0